Quiz o ludności - Statystyki

Ogólne statystyki
  • Ten quiz został rozwiązany 2 139 razy
  • Średni wynik to 8 z 20
Statystyki odpowiedzi
Pytanie Odpowiedź % Poprawnych
Które państwo wyprzedziło Chiny w 2023 r., pod względem populacji? Indie
100%
Jakie było najludniejsze miasto świata w roku 1 naszej ery? Rzym
70%
Które miasto jest najbardziej na północ wysunięte i ma ponad 10 milionów mieszkańców? Moskwa
62%
Jaki jest najrzadziej zaludnione państwo świata? Mongolia
55%
W jakim państwie w latach 70. XX w. na jednego mieszkańca przypadało ponad 20 owiec, a obecnie posiada około 5 owiec na osobę? Nowa Zelandia
55%
Jaki jest najmniej zaludniony stan USA? Alaska
50%
Jaki jest najgęściej zaludniony kraj na świecie? Monako
46%
Jakie państwo ma największą na świecie populację muzułmanów? Indonezja
45%
W jakim dorzeczu żyje ponad 500 milionów ludzi? Ganges
39%
Która wyspa ma około 6,6 miliona mieszkańców – mniej niż w latach czterdziestych XIX wieku? Irlandia
39%
Które miasto w USA straciło od 1950 r. ponad 1,2 miliona mieszkańców? Detroit
34%
Jakie państwo było trzecim pod względem liczby ludności w latach 80.? Związek Radziecki
34%
Jaka jest najbardziej zaludniona wyspa świata? Jawa
29%
Jaka jest najgęściej zaludniona wyspa w USA? Manhattan
28%
Które miasto w Ameryce Południowej miało w 1950 r. 0 mieszkańców, a obecnie liczy ponad 3 miliony? Brasília
27%
Jakie państwo ma około 9,5 miliona mieszkańców, ale tylko 1,1 miliona obywateli? ZjednoczoneEmiraty Arabskie
27%
Jakie jest najbardziej zaludnione miasto w Indochinach? Bangkok
25%
Od 1993 r. liczba ludności jakiego państwa zmniejszyła się o ponad 15 milionów? Ukraina
21%
Które miasto jest najbardziej na wschód położone i ma ponad milion mieszkańców? Auckland
13%
Które przedmieście Tokio liczy ponad 3,7 miliona mieszkańców? Jokohama
11%
Nie znaleziono quizów pasujących do podanych kryteriów
Rozkład punktacji
Procent ludzi z każdym wynikiem
Percentyl według liczby udzielonych odpowiedzi
Twoja historia wyników
Nie rozwiązałeś tego quizu